| 000 | 00712nam a22002177a 4500 | ||
|---|---|---|---|
| 999 |
_c6175 _d6175 |
||
| 003 | AR-CdUCM | ||
| 008 | 190313b ||||| |||| 00| 0 spa d | ||
| 040 |
_aMUNICIPALIDAD PROVINCIAL DEL CUSCO _cBIBLIOTECA MUNICIPAL DEL CUSCO |
||
| 082 |
_a372.2 / _bR68 |
||
| 100 |
_aRivera Cáceres, Nicanor _917847 |
||
| 245 | _aLa rotación en la escuela / | ||
| 260 |
_aLima : _bImpr. Union, |
||
| 300 |
_a74 páginas ; _c21 cm. |
||
| 440 |
_aColección nueva educación. _917848 |
||
| 505 | _aContenido: El niño -- El hogar -- El maestro -- La escuela -- El programa escolar ... | ||
| 650 |
_aEducación _9460 |
||
| 650 |
_aPerú _935 |
||
| 650 |
_aMaterial didáctico _910701 |
||
| 942 |
_2ddc _cLIBROS |
||
| 945 | _aachl | ||